| 000 | 019780000a22003250004500 | ||
|---|---|---|---|
| 003 | EG-GICUC | ||
| 005 | 20250223030439.0 | ||
| 008 | 060917s2006 ua a f m 000 0 eng d | ||
| 040 |
_aEG-GICUC _beng _cEG-GICUC |
||
| 041 | 0 | _aEng | |
| 049 | _aDeposite | ||
| 097 | _aM.Sc | ||
| 099 | _aCai01.13.05.M.Sc.2006.Ta.B. | ||
| 100 | 0 | _aTamer Raafat Mohamed Youssef | |
| 245 | 1 | 0 |
_aBioremediation of industrialwastes of oil refineries as an environmental solution for pollution of ismailia canal / _cTamer Raafat Mohamed Youssef ; Supervised Ezzat AbelShafi Hassaneen , Mohamed Kamel |
| 246 | 1 | 5 | _aالمعالجة البيولوجية للمخلفات الصناعية لمعامل تكرير البترول كحل بيئى لتلوث ترعة الاسماعيلية |
| 260 |
_aCairo : _bTamer Raafat Mohamed Youssef , _c2006 |
||
| 300 |
_a128p : _bill ; _c30cm |
||
| 502 | _aThesis (M.Sc.) - Cairo University - Faculty Of Engineering - Department Of Civil Engineering | ||
| 520 | _aBy the beginning of fifties , heavy industries were born in Egypt along the Nile Delta and in Cairo and Alexandria metropolitan areasIsmailia Canal - like other parts of the Nile River - suffers from serious environmental problems due to the presence of a number of industries along its side in Mustord ; mainly oil industriesIn this research Cairo Oil Refining Company (CORC) was taken as an example of these industriesFor treatment of wastes resulting from the refining processes , mechanical treatment is used employing API separators followed by physico - chemical treatment using Dissolved Air Floatation (DAF) aided with ferric chloride (Fecl3) s a flocculant | ||
| 530 | _aIssued also as CD | ||
| 653 | 4 | _aBioremdiation | |
| 653 | 4 | _aIndustralwastes | |
| 700 | 0 |
_aEzzat AbelShafi Hassaneen , _eSupervisor |
|
| 700 | 0 |
_aMohamed Kamel , _eSupervisor |
|
| 856 | _uhttp://172.23.153.220/th.pdf | ||
| 905 |
_aAml _eCataloger |
||
| 905 |
_aEsam _eRevisor |
||
| 942 |
_2ddc _cTH |
||
| 999 |
_c34889 _d34889 |
||